Traité d'hygiène maritime (Record no. 51057)

MARC details
000 -LEADER
campo de control de longitud fija 00655nam a2200193 i 4500
001 - NÚMERO DE CONTROL
campo de control 51057
003 - IDENTIFICADOR DE NÚMERO DE CONTROL
campo de control ES-MaACL
005 - FECHA Y HORA DE LA ÚLTIMA TRANSACCIÓN
campo de control 20230906162304.0
007 - CAMPO FIJO DE DESCRIPCIÓN FÍSICA--INFORMACIÓN GENERAL
campo de control de longitud fija t|
008 - DATOS DE LONGITUD FIJA--INFORMACIÓN GENERAL
campo de control de longitud fija 030808s1909 fr ||||1| fre d
100 1# - ENTRADA PRINCIPAL--NOMBRE DE PERSONA
Nombre de persona Chantemesse, André.
9 (RLIN) 37984
245 10 - MENCIÓN DEL TÍTULO
Título Traité d'hygiène maritime
Resto del título : . Première parte : l'hygiène dans la navigation de commerce /
Mención de responsabilidad, etc. par André Chamtemesse, F. Borel et J. Dupuy.
260 ## - PUBLICACIÓN, DISTRIBUCIÓN, ETC.
Lugar de publicación, distribución, etc. Paris :
Nombre del editor, distribuidor, etc. Octave Doin,
Fecha de publicación, distribución, etc. 1909 (
Lugar de fabricación/manufactura Evreux :
Fabricante Ch. Herissey)
300 ## - DESCRIPCIÓN FÍSICA
Extensión XIII, 635 p. :
Otras características físicas il. ;
Dimensiones 25 cm.
650 #4 - PUNTO DE ACCESO ADICIONAL DE MATERIA--TÉRMINO DE MATERIA
Término de materia o nombre geográfico como elemento de entrada Higiene naval.
9 (RLIN) 150957
700 1# - ENTRADA AGREGADA--NOMBRE PERSONAL
Nombre de persona Borel, F.
9 (RLIN) 30429
700 1# - ENTRADA AGREGADA--NOMBRE PERSONAL
Nombre de persona Dupuy, J.
9 (RLIN) 46136
852 ## - LOCALIZACIÓN
Ubicación ES-MaACL
Número de control de estantería C-7157
Holdings
Estatus retirado Estado de pérdida Estado de daño No para préstamo Biblioteca de origen Biblioteca actual Ubicación en estantería Fecha de adquisición Fuente de adquisición Total de préstamos Signatura topográfica completa Código de barras Visto por última vez Precio de reemplazo Tipo de ítem Koha
        Biblioteca del Ateneo de Madrid Biblioteca del Ateneo de Madrid Sala Palomar 17/01/2008     C-7157 1053691 23/02/2023 23/02/2023 Libro impreso